| 000 | 00552 a2200145 4500 | ||
|---|---|---|---|
| 082 | _aBICSE-2 | ||
| 100 |
_aHaris Naseem Abbasi _992566 |
||
| 245 |
_aDEVELOPING A MALWARE ANALYZER TOOL KIT _cHaris Naseem Abbasi |
||
| 260 |
_aIsalamabad, _bNUST School of Electrical Engineering & Computer Science, _c 2008. |
||
| 300 |
_a423 p. _b: ill. _c; 27 cm. + _eCD-ROM |
||
| 500 | _aSupervisors : Dr. Fauzan Mirza, Dr. Syed Ali Khayam. | ||
| 700 |
_aArkam Uzair _992567 |
||
| 856 | _uhttp://10.250.8.41:8080/xmlui/handle/123456789/10311 | ||
| 942 |
_cPR _kBICSE-2 HAR _2ddc |
||
| 999 |
_c9137 _d9137 |
||